Vybrané aspekty využívania informačných a komunikačných technológií vo vzdelávaní inžinierov vedecká monografia

Gespeichert in:
Bibliographische Detailangaben
1. Verfasser: Mišút, Martin, 1962-
Körperschaft: Ekonomická univerzita v Bratislave. Fakulta hospodárskej informatiky
Weitere Verfasser: Mišútová, Mária, Pokorný, Milan, Országhová, Dana
Format: Buch
Sprache:Slowakisch
Veröffentlicht: Bratislava Letra Edu 2023
Ausgabe:1. vydanie
Schlagworte:
Tags: Tag hinzufügen
Keine Tags, Fügen Sie das erste Tag hinzu!

MARC

LEADER 00000nam a2200000 4500
001 0298015
005 20240502074519.5
020 |a 978-80-69021-00-6 
041 0 |a slo 
044 |a SK 
245 1 0 |a Vybrané aspekty využívania informačných a komunikačných technológií vo vzdelávaní inžinierov  |b vedecká monografia  |c Martin Mišút, Mária Mišútová ; recenzovali: Milan Pokorný, Dana Országhová 
250 |a 1. vydanie 
264 1 |a Bratislava  |b Letra Edu  |c 2023 
300 |a 169 s. [9,6 AH] 
610 2 0 |a technológie nové 
610 2 0 |a technológie informačné 
610 2 0 |a technológie komunikačné 
610 2 0 |a inžinieri 
610 2 0 |a vzdelávanie dospelých 
610 2 0 |a vzdelávanie ďalšie 
610 2 0 |a vzdelávanie elektronické 
610 2 0 |a pomôcky učebné 
100 1 |a Mišút, Martin, 1962- 
700 1 |a Mišútová, Mária 
700 1 |a Pokorný, Milan 
700 1 |a Országhová, Dana 
710 2 |a Ekonomická univerzita v Bratislave. Fakulta hospodárskej informatiky